000 00954nas a2200301 4500
001 BR7902147
003 BR-BrBNA
005 20231205083658.0
007 ta
008 230509b bl.|||p| |||| 00| 00por d
040 _aBR-BrBNA
_bpor
_cBiblioteca Nacional de Agricultura
041 _a(Pt)
072 _aK10; K20
100 1 _aBaggio, A.J.
100 1 _aStoehr, G.W.D.
245 1 _aResultados preliminares de um levantamento dos sistemas de exploracao usados em florestas implantadas de coniferas no sul do Brasil [pinheiro, desbaste, custo, transporte]
650 _aPRODUCAO FLORESTAL
650 _aADMINISTRACAO FLORESTAL
650 _aPINHEIRO
650 _aDESBASTE
650 _aARVORE CONIFERA
650 _aCUSTO
650 _aTRANSPORTE
650 _aREGIAO SUL
773 0 _tFloresta (Brazil)
_xISSN 0015-3826
_g(Dec 1978), v. 9(2) p. 76-96
_wBR7902147
909 _a202311
_bLúcia
_c55
_dLúcia Elande
942 _2AGRIS
_n0
_cANA
999 _c100524
_d100524